000
00367nam a2200133Ia 4500
008
151001s9999||||xx |||||||||||||| ||und||
100
_a
विनोद कुमार श्रीवास्तव
245
_a
एवजी में शब्द
250
_a
1
260
_b
संभावना
260
_c
२०१४
300
_a
80
365
_b
21
999
_c
1001725
_d
1001722